[Event "Hastings Masters op"]
[Site "Hastings"]
[Date "2023.01.06"]
[Round "10"]
[White "Kueppers, Timo"]
[Black "Chan, Kim Yew"]
[Result "1-0"]
[WhiteElo "2249"]
[BlackElo "2289"]
[PlyCount "93"]
[EventDate "2022.12.28"]
[EventType "swiss"]
[EventRounds "10"]
[EventCountry "ENG"]
[SourceTitle "CBM 212 Extra"]
[Source "ChessBase"]
[SourceDate "2023.03.31"]
[SourceVersion "1"]
[SourceVersionDate "2023.03.31"]
[SourceQuality "1"]

1. c4 c5 2. Nf3 g6 3. d4 cxd4 4. Nxd4 Nc6 5. e4 Nf6 6. Nc3 d6 7. Be2 Nxd4 8. Qxd4 Bg7 9. Be3 0-0 10. Qd3 a6 11. 0-0 Bd7 12. a4 a5 13. Qc2 Bc6 14. Rad1 Qc7 15. Rfe1 Nd7 16. Nd5 Bxd5 17. exd5 Nc5 18. Rd2 Qb6 19. Bd1 Qb4 20. Rde2 Rfc8 21. h4 h5 22. Bg5 Bf6 23. Bxf6 exf6 24. Re3 f5 25. b3 Ne4 26. Bf3 Nf6 27. Qb2 Nd7 28. Qd4 Ne5 29. Bxh5 gxh5 30. Qf4 Ng6 31. Qxf5 Qd2 32. Qxh5 Qd4 33. Re4 Qf6 34. Qh6 Qg7 35. Qg5 Ne5 36. Qf4 Nd3 37. Qf5 Nxe1 38. Rg4 Re8 39. Rxg7+ Kxg7 40. Qg5+ Kh7 41. Qf6 Rg8 42. Qxf7+ Rg7 43. Qf5+ Kh8 44. g3 Rgg8 45. Qf6+ Rg7 46. Qh6+ Rh7 47. Qe3 1-0

[Event "Oberliga NRW 2122"]
[Site "Germany"]
[Date "2022.05.29"]
[Round "6.3"]
[White "Gruermann, Martin"]
[Black "Kueppers, Timo"]
[Result "1/2-1/2"]
[WhiteElo "2230"]
[BlackElo "2286"]
[PlyCount "100"]
[EventDate "2021.10.31"]
[EventType "team-tourn"]
[EventRounds "9"]
[EventCountry "GER"]
[SourceTitle "EXT 2024"]
[Source "ChessBase"]
[SourceDate "2023.10.10"]
[SourceVersion "1"]
[SourceVersionDate "2023.10.10"]
[SourceQuality "1"]
[WhiteTeam "Letmathe"]
[BlackTeam "Essen Katernberg"]
[WhiteTeamCountry "GER"]
[BlackTeamCountry "GER"]

1. e4 c5 2. Nf3 d6 3. Nc3 a6 4. g3 Nf6 5. e5 dxe5 6. Nxe5 Nbd7 7. d4 Nxe5 8. dxe5 Qxd1+ 9. Nxd1 Ng4 10. f4 Bf5 11. Bg2 0-0-0 12. Ne3 Nxe3 13. Bxe3 e6 14. c3 Be7 15. Kf2 Kc7 16. Rhd1 Bc2 17. Rxd8 Rxd8 18. Bf3 Ba4 19. b3 Bc6 20. c4 Bxf3 21. Kxf3 b5 22. Rc1 b4 23. Ke2 a5 24. Rd1 Ra8 25. a4 bxa3 26. Ra1 a4 27. Rxa3 axb3 28. Rxb3 Ra2+ 29. Bd2 h5 30. Rc3 Kc6 31. Kd3 Bd8 32. Rc2 Ra3+ 33. Rc3 Ra2 34. Rc2 Ra3+ 35. Rc3 Ra8 36. Rc2 Bb6 37. Be3 Ra3+ 38. Rc3 Ra4 39. Rc2 Ba5 40. Ke4 g6 41. Kf3 Ra3 42. Ke4 Ra1 43. Kf3 Ra3 44. Ke4 Bb4 45. Kf3 Kb6 46. Ke4 Ra1 47. Rb2 Kc6 48. Bd2 Bxd2 49. Rxd2 Re1+ 50. Kd3 Ra1 1/2-1/2

[Event "GER-chT U20"]
[Site "Willingen"]
[Date "2021.06.24"]
[Round "2"]
[White "Krastev, Alexander"]
[Black "Kueppers, Timo"]
[Result "1-0"]
[WhiteElo "2355"]
[BlackElo "2287"]
[PlyCount "151"]
[EventDate "2021.06.24"]
[EventType "team-swiss"]
[EventRounds "7"]
[EventCountry "GER"]
[SourceTitle "CBM 203 Extra"]
[Source "ChessBase"]
[SourceDate "2021.09.30"]
[SourceVersion "1"]
[SourceVersionDate "2021.09.30"]
[SourceQuality "1"]
[WhiteTeam "Biebertal"]
[BlackTeam "Essen Katernberg"]
[WhiteTeamCountry "GER"]
[BlackTeamCountry "GER"]

1. e4 c5 2. Nf3 d6 3. d4 cxd4 4. Nxd4 Nf6 5. Nc3 a6 6. Bg5 e6 7. a4 Be7 8. Be3 Nc6 9. Be2 0-0 10. 0-0 Bd7 11. Nb3 Na5 12. Nxa5 Qxa5 13. Qd2 Rfc8 14. Rfd1 Rxc3 15. Bf3 Bc6 16. Bd4 Rc5 17. b4 Rxc2 18. Qxc2 Qxb4 19. Qd3 Bxa4 20. Rdb1 Bc2 21. Qxc2 Qxd4 22. Qc7 Bf8 23. Qxb7 Ra7 24. Qb6 Qxb6 25. Rxb6 a5 26. Ra4 Nd7 27. Rb5 Ne5 28. Be2 Nc6 29. Rb6 Ne5 30. Ra6 Rxa6 31. Bxa6 g5 32. Rxa5 Kg7 33. Bb5 Be7 34. Kf1 Kg6 35. f3 h5 36. Ke2 h4 37. Be8 Kf6 38. g3 hxg3 39. hxg3 Ng6 40. Ra7 e5 41. Bd7 Nf8 42. Bg4 Ne6 43. Kd3 Nd4 44. Kc4 Nc6 45. Rc7 Nd4 46. Kd5 Bf8 47. Rc8 Be7 48. Re8 Nb3 49. Kc6 Nc5 50. Bh3 Nb3 51. Rb8 Nc5 52. Re8 Nb3 53. Bf1 Nc5 54. Bc4 Na4 55. Bb3 Nc5 56. Ba2 Nd3 57. Bb3 Nc5 58. Bc4 Na4 59. Ra8 Nc5 60. Ra7 g4 61. fxg4 Nxe4 62. Bd5 Ng5 63. Ra4 Ne6 64. Ra1 Kg5 65. Kd7 Bf8 66. Rf1 Bh6 67. Rxf7 Nd4 68. Kxd6 Kxg4 69. Kxe5 Nc2 70. Rh7 Bc1 71. Rg7+ Kh5 72. Rg8 Ne3 73. Be6 Bb2+ 74. Ke4 Nf1 75. Bh3 Nd2+ 76. Kd3 1-0

[Event "Pardubice Czech op-A 31st"]
[Site "Pardubice"]
[Date "2020.09.26"]
[Round "6"]
[White "Terziev, Dimo"]
[Black "Kueppers, Timo"]
[Result "0-1"]
[WhiteElo "2157"]
[BlackElo "2277"]
[PlyCount "106"]
[EventDate "2020.09.21"]
[EventType "swiss"]
[EventRounds "9"]
[EventCountry "CZE"]
[SourceTitle "CBM 198 Extra"]
[Source "ChessBase"]
[SourceDate "2020.11.30"]
[SourceVersion "1"]
[SourceVersionDate "2020.11.30"]
[SourceQuality "1"]

1. e4 c5 2. Nf3 d6 3. d4 cxd4 4. Qxd4 Nf6 5. Be2 Nc6 6. Qd3 Bg4 7. c4 g6 8. 0-0 Bg7 9. Rd1 Nd7 10. Nc3 0-0 11. Rb1 Rc8 12. b3 Qa5 13. Bb2 Qc5 14. Qd2 a6 15. Nd5 Bxf3 16. Bxf3 Rfe8 17. Bg4 e6 18. Bxg7 Kxg7 19. Qc3+ Nce5 20. Ne3 Nf6 21. Bf3 b5 22. Qd4 Red8 23. Rbc1 Nxf3+ 24. gxf3 Qg5+ 25. Ng4 bxc4 26. Rxc4 Rxc4 27. bxc4 h5 28. Qxf6+ Qxf6 29. Nxf6 Kxf6 30. c5 Ke7 31. Rc1 d5 32. exd5 exd5 33. Kf1 Kd7 34. Rb1 Kc6 35. Rb6+ Kxc5 36. Rxa6 Re8 37. Ra5+ Kc4 38. Ra4+ Kc3 39. Ra3+ Kd2 40. Re3 Rc8 41. Re2+ Kc3 42. Re7 d4 43. Ke2 Kc2 44. Rd7 Re8+ 45. Kf1 d3 46. Rc7+ Kd1 47. f4 d2 48. f3 Ra8 49. Rxf7 Rxa2 50. Rc7 Rc2 51. Ra7 Kc1 52. Ra1+ Kb2 53. Rd1 Rc1 0-1

[Event "GER Cup final"]
[Site "Magdeburg"]
[Date "2020.08.22"]
[Round "5"]
[White "Keyser, Philipp"]
[Black "Kueppers, Timo"]
[Result "0-1"]
[WhiteElo "1995"]
[BlackElo "2282"]
[PlyCount "106"]
[EventDate "2020.08.20"]
[EventType "swiss"]
[EventRounds "5"]
[EventCountry "GER"]
[SourceTitle "EXT 2022"]
[Source "ChessBase"]
[SourceDate "2021.10.06"]
[SourceVersion "1"]
[SourceVersionDate "2021.10.06"]
[SourceQuality "1"]

1. e4 c5 2. Nf3 d6 3. d4 cxd4 4. Nxd4 Nf6 5. Nc3 a6 6. Be3 e6 7. f3 b5 8. g4 b4 9. Nce2 h6 10. Qd2 Nbd7 11. 0-0-0 Qc7 12. Kb1 Bb7 13. Ng3 d5 14. exd5 Nxd5 15. Ne4 Nc5 16. Nb3 Nxe4 17. fxe4 Nxe3 18. Qxe3 Be7 19. h4 Bf6 20. Qc5 Rc8 21. Qxc7 Rxc7 22. Bd3 Ke7 23. Rde1 Be5 24. Na5 Ba8 25. Nc4 Bd4 26. Rhf1 h5 27. g5 f6 28. Nd2 Be5 29. Nf3 Bg3 30. Re2 Rc5 31. Rg2 Be5 32. Nxe5 Rxe5 33. gxf6+ gxf6 34. Rg7+ Kd6 35. Ra7 Bxe4 36. Bxe4 Rxe4 37. Rxa6+ Ke5 38. Ra5+ Kd6 39. Ra6+ Kc5 40. b3 f5 41. Rd1 Rc8 42. Rdd6 f4 43. Rxe6 Rxe6 44. Rxe6 Rf8 45. Kc1 f3 46. Re1 Rf4 47. Kd2 Kd4 48. Rf1 f2 49. c4 bxc3+ 50. Ke2 c2 51. Kd2 c1Q+ 52. Kxc1 Kd3 53. Kd1 Rg4 0-1

[Event "GER Cup final"]
[Site "Magdeburg"]
[Date "2020.08.20"]
[Round "1"]
[White "Kueppers, Timo"]
[Black "Chassard, Cedric"]
[Result "1-0"]
[WhiteElo "2282"]
[BlackElo "1938"]
[PlyCount "79"]
[EventDate "2020.08.20"]
[EventType "swiss"]
[EventRounds "5"]
[EventCountry "GER"]
[SourceTitle "EXT 2022"]
[Source "ChessBase"]
[SourceDate "2021.10.06"]
[SourceVersion "1"]
[SourceVersionDate "2021.10.06"]
[SourceQuality "1"]

1. c4 Nf6 2. Nf3 e6 3. g3 d5 4. d4 Be7 5. Bg2 0-0 6. 0-0 dxc4 7. Qa4 a6 8. Qxc4 b5 9. Qc2 Bb7 10. Bf4 Bd6 11. Rc1 Be4 12. Qd1 Nbd7 13. Nbd2 Bxf4 14. gxf4 Bb7 15. a4 Ne4 16. Qc2 Nxd2 17. Ng5 Ne4 18. Nxe4 Bd5 19. Qxc7 Qxc7 20. Rxc7 Nb6 21. a5 Na4 22. b4 Rfc8 23. Rac1 Bc4 24. Rxc8+ Rxc8 25. Nd6 Rc7 26. Bb7 Nb2 27. Bxa6 Rc6 28. Nxc4 Rxc4 29. Rb1 Rxb4 30. Bb7 Ra4 31. Rxb2 Rxa5 32. e3 f5 33. Bc6 Ra6 34. Bxb5 Rb6 35. Rb3 Kf7 36. Be8+ Kxe8 37. Rxb6 Kf7 38. Kg2 Kg8 39. Rxe6 Kh8 40. Re8# 1-0

[Event "Pfalz op-A 11th"]
[Site "Neustadt an der Weinstrasse"]
[Date "2020.02.23"]
[Round "5"]
[White "Kueppers, Timo"]
[Black "Nguyen, Alex Dac Vuong"]
[Result "0-1"]
[WhiteElo "2301"]
[BlackElo "2362"]
[PlyCount "64"]
[EventDate "2020.02.21"]
[EventType "swiss"]
[EventRounds "9"]
[EventCountry "GER"]
[SourceTitle "CBM 195 Extra"]
[Source "ChessBase"]
[SourceDate "2020.05.31"]
[SourceVersion "1"]
[SourceVersionDate "2020.05.31"]
[SourceQuality "1"]

1. c4 c5 2. g3 Nf6 3. Bg2 d5 4. cxd5 Nxd5 5. Nc3 Nc7 6. Nf3 Nc6 7. a3 g6 8. 0-0 Bg7 9. d3 0-0 10. Bd2 Bd7 11. Rb1 a5 12. Ne1 Rc8 13. Nc2 b5 14. b4 cxb4 15. axb4 axb4 16. Ne4 Na6 17. Nxb4 Ncxb4 18. Bxb4 Nxb4 19. Rxb4 Qa5 20. Qb3 Qa7 21. e3 Be6 22. Qb1 Ba2 23. Qd1 f5 24. Ng5 h6 25. Nf3 Qa5 26. Qe2 Qxb4 27. Qxa2+ Kh7 28. Rb1 Qa4 29. Qxa4 bxa4 30. d4 Rc3 31. Rb7 Rc1+ 32. Bf1 Ra8 0-1

[Event "Oberliga NRW 1920"]
[Site "Germany"]
[Date "2020.02.16"]
[Round "6.3"]
[White "Kueppers, Timo"]
[Black "Schmitzer, Klaus"]
[Result "0-1"]
[WhiteElo "2233"]
[BlackElo "2242"]
[PlyCount "50"]
[EventDate "2019.09.15"]
[EventType "team-tourn"]
[EventRounds "9"]
[EventCountry "GER"]
[SourceTitle "EXT 2022"]
[Source "ChessBase"]
[SourceDate "2021.10.06"]
[SourceVersion "1"]
[SourceVersionDate "2021.10.06"]
[SourceQuality "1"]
[WhiteTeam "Essen Katernberg"]
[BlackTeam "Muenster"]
[WhiteTeamCountry "GER"]
[BlackTeamCountry "GER"]

1. d4 e6 2. e4 c5 3. Nf3 cxd4 4. Nxd4 Nc6 5. Nc3 a6 6. Nxc6 bxc6 7. Bd3 e5 8. 0-0 Nf6 9. f4 Bd6 10. Qe2 0-0 11. f5 h6 12. g4 Re8 13. h4 Nh7 14. f6 Nxf6 15. g5 Nh7 16. Bc4 Bc5+ 17. Kh1 d5 18. exd5 cxd5 19. Bxd5 Ra7 20. Qc4 Rc7 21. g6 Kh8 22. Rxf7 Bd4 23. Bg5 Nxg5 24. Rxc7 Ne4 25. Qe2 Ng3+ 0-1

[Event "Bayern-chI Bank Hofmann 23rd"]
[Site "Tegernsee"]
[Date "2019.11.03"]
[Round "9"]
[White "Kueppers, Timo"]
[Black "Zysk, Robert"]
[Result "1/2-1/2"]
[WhiteElo "2250"]
[BlackElo "2412"]
[PlyCount "123"]
[EventDate "2019.10.26"]
[EventType "swiss"]
[EventRounds "9"]
[EventCountry "GER"]
[SourceTitle "CBM 192 Extra"]
[Source "Chessbase"]
[SourceDate "2019.11.06"]
[SourceVersion "1"]
[SourceVersionDate "2019.11.06"]
[SourceQuality "1"]

1. e4 e6 2. d4 d5 3. Nd2 c5 4. exd5 exd5 5. Ngf3 Nf6 6. Bb5+ Bd7 7. Bxd7+ Nbxd7 8. 0-0 Be7 9. dxc5 Nxc5 10. Nb3 Nce4 11. Nfd4 Qd7 12. f3 Nd6 13. Nc5 Qc8 14. Nd3 0-0 15. Re1 Bd8 16. Bg5 Nf5 17. Nxf5 Qxf5 18. Re5 Qd7 19. Kh1 h6 20. Bh4 Rc8 21. c3 Ng4 22. fxg4 Bxh4 23. Qf3 Rfd8 24. Rf1 Bf6 25. Rf5 d4 26. Nc5 Qc6 27. Ne4 Re8 28. Nxf6+ gxf6 29. Qh3 dxc3 30. bxc3 Kg7 31. Qh4 Re6 32. Qf2 Rce8 33. h4 Re2 34. Qg3 R8e3 35. R1f3 Qxc3 36. g5 Qe1+ 37. Qxe1 Rxe1+ 38. Kh2 hxg5 39. hxg5 Rxf3 40. gxf6+ Kg6 41. Rxf3 Re6 42. Rb3 b6 43. Ra3 a5 44. Rb3 Kxf6 45. Rb5 Ke7 46. Kh3 f6 47. g4 Kf7 48. Kg3 Kg6 49. Kf3 Rc6 50. Kg3 Rc2 51. Rxb6 Rxa2 52. Rb5 Ra1 53. Kg2 a4 54. Ra5 a3 55. Kh2 Kf7 56. Ra6 Ke7 57. Kg2 a2 58. Kh2 Kd7 59. Kg2 Kc7 60. g5 fxg5 61. Ra7+ Kb6 62. Ra8 1/2-1/2

[Event "NRW Class2 1819"]
[Site "Germany"]
[Date "2019.03.17"]
[Round "7.3"]
[White "Schmitz, Philipp"]
[Black "Kueppers, Timo"]
[Result "0-1"]
[WhiteElo "2183"]
[BlackElo "2238"]
[PlyCount "120"]
[EventDate "2018.09.16"]
[EventType "team-tourn"]
[EventRounds "9"]
[EventCountry "GER"]
[SourceTitle "EXT 2022"]
[Source "ChessBase"]
[SourceDate "2021.10.06"]
[SourceVersion "1"]
[SourceVersionDate "2021.10.06"]
[SourceQuality "1"]
[WhiteTeam "Iserlohn Koenigsspringer"]
[BlackTeam "Essen Katernberg"]
[WhiteTeamCountry "GER"]
[BlackTeamCountry "GER"]

1. e4 c5 2. Nf3 d6 3. d4 cxd4 4. Nxd4 Nf6 5. Nc3 a6 6. h3 e6 7. g4 Be7 8. Be3 Nfd7 9. a4 Nc6 10. Bg2 0-0 11. 0-0 Qc7 12. Qd2 Nde5 13. b3 Nxd4 14. Bxd4 Nc6 15. Be3 Bd7 16. Ne2 Na5 17. Qd3 b5 18. axb5 axb5 19. Nd4 Rab8 20. Bd2 b4 21. c4 bxc3 22. Rfc1 Nxb3 23. Nxb3 Rxb3 24. Rxc3 Rxc3 25. Bxc3 Bb5 26. Qd2 Bc6 27. Rc1 Qb7 28. Bxg7 Kxg7 29. Qc3+ Bf6 30. Qxc6 Qxc6 31. Rxc6 Be5 32. Kf1 Rb8 33. Rc2 Kf6 34. Ra2 Kg5 35. Ke2 Bd4 36. Rc2 Rb7 37. Rd2 Bc5 38. Rc2 Rb5 39. Ra2 Kf4 40. Rc2 Rb1 41. Ra2 Bb4 42. Ra7 f6 43. e5 dxe5 44. Kd3 Rd1+ 45. Kc4 Rd4+ 46. Kb3 Be1 47. Ra6 Bxf2 48. Rxe6 Bh4 49. Rc6 Kg3 50. Rc2 Bg5 51. Re2 h6 52. Kc3 Rd2 53. Bf1 Rd1 54. Bg2 Rg1 55. Be4 Kxh3 56. Bf5 Rg3+ 57. Kc4 Rf3 58. Kd5 h5 59. Re4 h4 60. Re1 Kg3 0-1

[Event "Staufer op 31st"]
[Site "Schwaebisch Gmuend"]
[Date "2019.01.05"]
[Round "7"]
[White "Poysti, Nathanael Nicolai"]
[Black "Kueppers, Timo"]
[Result "1/2-1/2"]
[WhiteElo "2151"]
[BlackElo "2307"]
[PlyCount "58"]
[EventDate "2019.01.02"]
[EventType "swiss"]
[EventRounds "9"]
[EventCountry "GER"]
[SourceTitle "CBM 188 Extra"]
[Source "ChessBase"]
[SourceDate "2019.02.26"]
[SourceVersion "1"]
[SourceVersionDate "2019.02.26"]
[SourceQuality "1"]

1. c4 g6 2. Nc3 Bg7 3. e3 Nf6 4. d4 c5 5. Nf3 0-0 6. Be2 cxd4 7. Nxd4 Nc6 8. 0-0 Nxd4 9. Qxd4 d6 10. e4 Nd7 11. Qe3 Nc5 12. Bf3 Bd7 13. b3 Rb8 14. Bb2 b5 15. cxb5 Bxb5 16. Be2 Bxe2 17. Qxe2 a5 18. Rab1 Qd7 19. Nd5 Bxb2 20. Rxb2 Qe6 21. Re1 Rfc8 22. f3 Qe5 23. Rd2 Rb7 24. f4 Qe6 25. e5 dxe5 26. Qxe5 Qxe5 27. Rxe5 e6 28. Nf6+ Kg7 29. Ne8+ Rxe8 1/2-1/2